000 00555nam a2200169Ia 4500
008 110201s9999 xx 000 0 und d
082 _bB10007
_aS 2326
100 _aनाडकर्णी सुरेश
245 _aआधुनिक एकलव्य
260 _bग्रंथाली
365 _b45
600 _aनाडकर्णी सुरेश
630 _aआधुनिक एकलव्य
700 _aनाडकर्णी सुरेश
730 _aआधुनिक एकलव्य
942 _cBOOK
999 _c835421
_d835418